Countries Of South America - Statistics

General Stats
  • This quiz has been taken 15 times
  • The average score is 11 of 12
Answers on the Map
Answers color-coded by a green-red scale on the quiz's map according to % correct below.
 
Answer Stats
Answer % Correct
Brazil
100%
Ecuador
100%
Argentina
90%
Bolivia
90%
Chile
90%
Colombia
90%
Peru
90%
Uruguay
90%
Venezuela
90%
Guyana
80%
Paraguay
80%
Suriname
80%
No matching quizzes found
Score Distribution
Percent of People with Each Score
Percentile by Number Answered
Your Score History
You have not taken this quiz